From Merit Order to Multi-Period Optimization: Unlocking Efficiency and Reliability in Pakistan's Power Grid while Quantifying Reserve Needs / (Record no. 609465)

000 -LEADER
fixed length control field 00564nam a22001697a 4500
003 - CONTROL NUMBER IDENTIFIER
control field NUST
082 ## - DEWEY DECIMAL CLASSIFICATION NUMBER
Classification number 621.31
Author Mark HAQ
100 ## - MAIN ENTRY--PERSONAL NAME
Personal name Haq, Shahbaz Ul (360862)
245 ## - TITLE STATEMENT
Title From Merit Order to Multi-Period Optimization: Unlocking Efficiency and Reliability in Pakistan's Power Grid while Quantifying Reserve Needs /
264 ## - PRODUCTION, PUBLICATION, DISTRIBUTION, MANUFACTURE, AND COPYRIGHT NOTICE
Place of production, publication, distribution, manufacture Islamabad :
Name of producer, publisher, distributor, manufacturer USPCAS-E, NUST
Date of production, publication, distribution, manufacture, or copyright notice April, 2024.
300 ## - PHYSICAL DESCRIPTION
Extent xiv, 78 p.
Accompanying material +CD
520 ## - SUMMARY, ETC.
Summary, etc. TH-568
650 ## - SUBJECT ADDED ENTRY--TOPICAL TERM
Topical term or geographic name entry element MS EEP Thesis
650 ## - SUBJECT ADDED ENTRY--TOPICAL TERM
Topical term or geographic name entry element MS Thesis
700 ## - ADDED ENTRY--PERSONAL NAME
Personal name Supervisor: Dr. Kashif Imran
942 ## - ADDED ENTRY ELEMENTS (KOHA)
Source of classification or shelving scheme
Koha item type Thesis
Holdings
Withdrawn status Permanent Location Current Location Date acquired Full call number Barcode Koha item type
  US-Pakistan Center for Advanced Studies in Energy (USPCAS-E) US-Pakistan Center for Advanced Studies in Energy (USPCAS-E) 06/04/2024 621.31 HAQ CAS-ETH0000568 Thesis
© 2023 Central Library, National University of Sciences and Technology. All Rights Reserved.